000 00924cam a22002653a 4500
001 2064
003 PGUSA
005 20140828083010.0
008 000201s2000||||xxu|||||s|||||000 | eng d
040 _aPGUSA
_beng
042 _adc
050 4 _aDA
100 1 _aJohnson, Samuel,
_d1709-1784
245 1 2 _aA Journey to the Western Islands of Scotland
_h[electronic resource] /
_cSamuel Johnson
260 _bProject Gutenberg,
_c2000
506 _aPublic domain in the USA.
516 _aElectronic text
653 _aScotland -- Description and travel -- Early works to 1800
653 _aHebrides (Scotland) -- Description and travel -- Early works to 1800
653 _aJohnson, Samuel, 1709-1784 -- Travel -- Scotland -- Hebrides
653 _aBoswell, James, 1740-1795 -- Travel -- Scotland -- Hebrides
830 0 _aProject Gutenberg
_v2064
856 4 0 _uhttp://www.gutenberg.org/ebooks/2064
942 _cEB
999 _c231403
_d231403